Beliefs | 11 | 14.55 | 73% | 64% | 9% |
Current Events | 1 | 10.00 | 100% | 0% | 0% |
Fine Arts - Auditory Fine Arts | 5 | 16.00 | 100% | 60% | 0% |
Fine Arts - Other Arts | 1 | 0.00 | 0% | 0% | 0% |
Fine Arts - Visual Fine Arts | 6 | 16.67 | 83% | 67% | 17% |
Geography | 1 | 10.00 | 100% | 0% | 0% |
History - American History | 4 | 10.00 | 75% | 25% | 0% |
History - European History | 7 | 14.29 | 71% | 57% | 14% |
History - World History | 5 | 14.00 | 100% | 40% | 0% |
Literature - American Literature | 3 | 30.00 | 100% | 100% | 100% |
Literature - British Literature | 6 | 20.00 | 83% | 100% | 17% |
Literature - European Literature | 4 | 25.00 | 100% | 100% | 50% |
Other Academic | 1 | 0.00 | 0% | 0% | 0% |
Other Arts: Auditory | 3 | 16.67 | 100% | 67% | 0% |
Other Arts: Visual | 3 | 10.00 | 100% | 0% | 0% |
Other Science: Astronomy | 1 | 10.00 | 100% | 0% | 0% |
Other Science: Computer Science | 1 | 10.00 | 100% | 0% | 0% |
Other Science: Earth Science | 3 | 13.33 | 100% | 33% | 0% |
Other Science: Math | 2 | 15.00 | 100% | 50% | 0% |
Philosophy | 3 | 20.00 | 100% | 67% | 33% |
Science - Biology | 6 | 10.00 | 83% | 17% | 0% |
Science - Chemistry | 6 | 8.33 | 83% | 0% | 0% |
Science - Physics | 4 | 7.50 | 75% | 0% | 0% |
Social Science | 5 | 18.00 | 100% | 80% | 0% |
| 12 | 17.50 | 100% | 67% | 8% |